00672nam a22002057a 450000500170000001000110001702000100002803500110003803700160004904000120006508200170007724501630009426000500025727000490030730000200035650000200037665000410039665000140043770000150045120170124110243.0 a754474 c00.00 a754474 bCen Lib/Ret aDPLbEN a016.954bEAR aEarly writings on India :bedited by H.K. Kaulca union catalogue of books on India in english langugae published upto 1900 and available in Delhi libraries / aNew DelhibAnold -Heinemann Publishers c1975 bNew DelhiaAB/9, Safdarjang Enclave e110016 a324p.c26cm(Hb) aincludes index  aIndia -- Bibliography -- Union lists aLiteratur aKaul, H.K.